KOHA-Header-6

C How to Program with an introduction to C + + (Record no. 2245)

000 -LEADER
fixed length control field 00318nam a2200121Ia 4500
008 - FIXED-LENGTH DATA ELEMENTS--GENERAL INFORMATION
fixed length control field 190802s9999 xx 000 0 und d
020 ## - INTERNATIONAL STANDARD BOOK NUMBER
International Standard Book Number 978-93-530-6282-8
100 ## - MAIN ENTRY--PERSONAL NAME
Personal name Paul Deitel
245 #0 - TITLE STATEMENT
Title C How to Program with an introduction to C + +
260 ## - PUBLICATION, DISTRIBUTION, ETC. (IMPRINT)
Place of publication, distribution, etc New Delhi
Name of publisher, distributor, etc Pearson
Date of publication, distribution, etc 2018
300 ## - PHYSICAL DESCRIPTION
Extent 1005:p
942 ## - ADDED ENTRY ELEMENTS (KOHA)
Koha item type Books
Holdings
Withdrawn status Lost status Damaged status Not for loan Collection code Permanent Location Current Location Shelving location Date acquired Total Checkouts Total Renewals Full call number Barcode Checked out Date last seen Date checked out Price effective from Koha item type
        Computer Languages MAJU MAJU Shelf No.A33 2019-08-03 3 3 5.133 8868 2021-12-28 2021-11-30 2021-11-30 2019-08-03 Computer Languages

Powered by Koha